Statistics for Most Fertile Countries A-Z

Click here to take the quiz!

General Stats

  • This quiz has been taken 56 times
  • The average score is 14 of 22

Answer Stats

Total Fertility Rate Country % Correct
Y4.0Yemen
94%
Z5.0Zambia
92%
O2.7Oman
90%
Q1.9Qatar
88%
U5.6Uganda
86%
N7.2Niger
82%
K3.9Kenya
67%
C5.9Chad
67%
A5.7Angola
65%
T5.0Tanzania
63%
J3.4Jordan
63%
V3.1Vanuatu
63%
M6.1Mali
61%
H2.9Haiti
59%
B5.7Burundi
57%
S6.3Somalia
53%
L4.6Liberia
47%
G5.4Gambia
41%
F3.1F.S. Micronesia
41%
I4.9Ivory Coast
37%
E5.5East Timor
35%
P3.7Papua New Guinea
33%

Score Distribution

Percentile by Number Answered

Percent of People with Each Score

Your Score History

You have not taken this quiz